000 00718nam a2200241Ia 4500
005 20231121093635.0
008 131103s9999 xx 000 0 und d
020 _a8125030468
_cRs 395
040 _aLoreto College
041 _aEnglish
082 _a396
_bJAI
100 _aJain, Devaki
245 _aWomen Development and the UN
_b A Sixty-Year Quest for Equality and Justice
_c Devaki Jain. Foreword by Amartya Sen
260 _aHyderabad
_bOrient Longman
_c2005
300 _axxiv,230p
504 _aIncludes bibliography and index
630 _aGender Studies
630 _aUnited Nations and Women
650 _aWomen Studies
651 _aWomen and Development
850 _aLCLIB
942 _cBK
999 _c13423
_d63902